Click Countries by Population #3 - Statistics

General Stats
  • This quiz has been taken 201 times
  • The average score is 11 of 16
Answer Stats
Hint Answer % Correct
227 mil Nigeria
96%
83.3 mil Germany
89%
129 mil Mexico
89%
47.5 mil Spain
80%
60.7 mil South Africa
77%
11.7 mil Belgium
67%
4.00 mil Croatia
67%
18.0 k Palau
65%
34.5 mil Peru
63%
18.0 mil Senegal
60%
135 k Kiribati
56%
658 k Luxembourg
56%
1.26 mil Cyprus
54%
23.9 mil Taiwan
50%
2.34 mil Lesotho
44%
6.93 mil Libya
44%
No matching quizzes found
Score Distribution
Percent of People with Each Score
Percentile by Number Answered
Your Score History
You have not taken this quiz